[Event "MSRCH16"]
[Site "?"]
[Date "2026.04.15"]
[Round "7.21"]
[White "Simko, Stefan"]
[Black "Bebko, Alex"]
[Result "1/2-1/2"]
[BlackElo "1641"]
[WhiteElo "1700"]
[LiveChessVersion "1.4.8"]

1. d4 {[%clk 1:30:58]} Nf6 {[%clk 1:30:39]} 2. Nf3 {[%clk 1:31:14]} d5
{[%clk 1:31:01]} 3. e3 Bf5 {[%clk 1:31:16]} 4. Bd3 {[%clk 1:31:57]} Bxd3
{[%clk 1:31:32]} 5. Qxd3 {[%clk 1:32:20]} e6 {[%clk 1:31:51]} 6. O-O
{[%clk 1:32:30]} c6 {[%clk 1:31:59]} 7. Nbd2 Be7 {[%clk 1:32:18]} 8. e4
{[%clk 1:32:47]} dxe4 {[%clk 1:31:22]} 9. Nxe4 {[%clk 1:33:09]} Nbd7
{[%clk 1:31:33]} 10. Nxf6+ {[%clk 1:32:18]} Nxf6 {[%clk 1:31:30]} 11. Bf4
{[%clk 1:32:38]} O-O {[%clk 1:31:44]} 12. Rfd1 {[%clk 1:27:41]} Qb6
{[%clk 1:25:19]} 13. Be5 {[%clk 1:16:49]} h6 {[%clk 1:17:03]} 14. c4
{[%clk 1:14:06]} a5 {[%clk 1:10:09]} 15. Qb3 {[%clk 0:58:30]} Qxb3
{[%clk 0:57:43]} 16. axb3 {[%clk 0:58:16]} b5 {[%clk 0:56:35]} 17. Bc7
{[%clk 0:45:51]} Bd8 {[%clk 0:50:37]} 18. Bxd8 {[%clk 0:45:28]} Rfxd8
{[%clk 0:51:01]} 19. Ra2 {[%clk 0:44:41]} Ra6 {[%clk 0:44:26]} 20. Rda1
{[%clk 0:43:34]} Rda8 {[%clk 0:42:11]} 21. g3 {[%clk 0:41:54]} Kf8 1/2-1/2

[Event "MSRCH16"]
[Site "?"]
[Date "2026.04.15"]
[Round "7.22"]
[White "Artner, Jakub"]
[Black "Bernard, Matthias"]
[Result "1/2-1/2"]
[BlackElo "1696"]
[WhiteElo "1629"]
[LiveChessVersion "1.4.8"]

1. d4 {[%clk 1:30:58]} d5 {[%clk 1:30:56]} 2. c4 {[%clk 1:31:25]} dxc4
{[%clk 1:31:19]} 3. e4 {[%clk 1:30:37]} e5 {[%clk 1:31:23]} 4. Nf3
{[%clk 1:28:21]} Bg4 {[%clk 1:24:47]} 5. d5 {[%clk 1:07:24]} Nf6 {[%clk 1:18:24]}
6. Bg5 {[%clk 1:04:36]} Bc5 {[%clk 1:13:41]} 7. Nc3 {[%clk 0:58:11]} O-O
{[%clk 1:07:49]} 8. Bxc4 {[%clk 0:53:56]} h6 {[%clk 1:02:49]} 9. Bh4
{[%clk 0:50:59]} Qe7 {[%clk 1:00:05]} 10. h3 {[%clk 0:45:39]} Bh5
{[%clk 0:57:43]} 11. O-O {[%clk 0:45:31]} Nbd7 {[%clk 0:51:09]} 12. Be2
{[%clk 0:41:46]} a6 {[%clk 0:47:25]} 13. a3 {[%clk 0:36:58]} b5 {[%clk 0:42:01]}
14. b4 {[%clk 0:33:35]} Bd6 {[%clk 0:39:50]} 15. Nd2 {[%clk 0:28:34]} Bxe2
{[%clk 0:36:35]} 16. Nxe2 {[%clk 0:27:06]} Nb6 {[%clk 0:33:05]} 17. Qc2
{[%clk 0:23:32]} g5 {[%clk 0:30:42]} 18. Bg3 {[%clk 0:22:40]} Nh5
{[%clk 0:30:11]} 19. Nb3 {[%clk 0:20:48]} Nc4 {[%clk 0:28:58]} 20. Nd2
{[%clk 0:19:17]} Nxd2 {[%clk 0:27:25]} 21. Qxd2 f5 {[%clk 0:26:19]} 22. f3
{[%clk 0:18:17]} fxe4 {[%clk 0:20:19]} 23. fxe4 {[%clk 0:18:32]} Rxf1+
{[%clk 0:20:04]} 24. Rxf1 {[%clk 0:18:54]} Nf4 {[%clk 0:19:46]} 25. Bxf4
{[%clk 0:18:29]} exf4 {[%clk 0:19:32]} 26. Nc3 {[%clk 0:18:11]} Rd8
{[%clk 0:17:10]} 27. Qe2 {[%clk 0:14:03]} Be5 {[%clk 0:16:16]} 28. Rc1
{[%clk 0:12:55]} Qf6 {[%clk 0:15:26]} 29. Nd1 {[%clk 0:12:01]} Qb6+
{[%clk 0:14:01]} 30. Kh1 {[%clk 0:12:00]} Rd6 {[%clk 0:13:31]} 31. Qd3
{[%clk 0:08:19]} Kg7 {[%clk 0:11:56]} 32. Qc2 {[%clk 0:05:59]} Rf6
{[%clk 0:11:13]} 33. Nf2 {[%clk 0:05:36]} h5 34. Nd3 Bd6 35. e5 Bxe5 1/2-1/2

[Event "MSRCH16"]
[Site "?"]
[Date "2026.04.15"]
[Round "7.23"]
[White "Gondzur, Michal"]
[Black "Foldesi, Marek"]
[Result "1/2-1/2"]
[BlackElo "1746"]
[WhiteElo "1639"]
[LiveChessVersion "1.4.8"]

1. e4 {[%clk 1:30:59]} e5 {[%clk 1:30:55]} 2. Nf3 {[%clk 1:31:28]} Nc6
{[%clk 1:31:21]} 3. Bb5 {[%clk 1:31:53]} a6 {[%clk 1:31:46]} 4. Ba4
{[%clk 1:32:19]} Nf6 {[%clk 1:32:12]} 5. O-O {[%clk 1:32:44]} b5 {[%clk 1:32:35]}
6. Bb3 {[%clk 1:33:09]} Be7 {[%clk 1:32:58]} 7. Re1 {[%clk 1:33:33]} Na5
{[%clk 1:33:07]} 8. Nxe5 {[%clk 1:33:52]} Nxb3 {[%clk 1:33:28]} 9. axb3
{[%clk 1:34:16]} O-O {[%clk 1:33:45]} 10. f4 {[%clk 1:33:30]} d5 {[%clk 1:34:04]}
11. exd5 {[%clk 1:32:28]} Qxd5 {[%clk 1:33:50]} 12. Nc3 {[%clk 1:32:52]} Bc5+
{[%clk 1:32:51]} 13. Kh1 {[%clk 1:32:25]} Qd4 {[%clk 1:32:37]} 14. Nf3
{[%clk 1:32:39]} Qd6 {[%clk 1:32:38]} 15. Nxb5 {[%clk 1:32:12]} Qb6
{[%clk 1:32:31]} 16. Nc3 {[%clk 1:31:54]} Bb7 {[%clk 1:31:24]} 17. Na4
{[%clk 1:29:48]} Qa7 {[%clk 1:31:37]} 18. Nxc5 {[%clk 1:29:50]} Qxc5
{[%clk 1:32:06]} 19. d4 {[%clk 1:30:02]} Qh5 {[%clk 1:31:33]} 20. Kg1
{[%clk 1:26:19]} c5 {[%clk 1:29:26]} 21. Re5 {[%clk 1:24:44]} Bxf3
{[%clk 1:28:45]} 22. Qxf3 {[%clk 1:24:27]} Qxf3 {[%clk 1:29:09]} 23. gxf3
{[%clk 1:24:54]} cxd4 {[%clk 1:29:26]} 24. Ra4 {[%clk 1:23:52]} Rfd8
{[%clk 1:28:58]} 25. Bd2 {[%clk 1:23:06]} g6 {[%clk 1:27:57]} 26. f5
{[%clk 1:21:57]} Kg7 {[%clk 1:27:51]} 27. fxg6 {[%clk 1:20:48]} hxg6
{[%clk 1:28:18]} 28. Rc4 {[%clk 1:20:48]} Rac8 {[%clk 1:25:14]} 29. Bg5
{[%clk 1:19:53]} Rxc4 {[%clk 1:23:19]} 30. bxc4 {[%clk 1:20:16]} d3
{[%clk 1:23:37]} 31. cxd3 {[%clk 1:20:30]} Rxd3 {[%clk 1:24:05]} 32. Bxf6+
{[%clk 1:20:26]} Kxf6 {[%clk 1:24:15]} 33. Ra5 {[%clk 1:20:55]} Rd6
{[%clk 1:24:38]} 34. b4 {[%clk 1:20:44]} Ke7 {[%clk 1:24:36]} 35. Kf2
{[%clk 1:20:53]} Rc6 {[%clk 1:23:22]} 36. c5 {[%clk 1:21:12]} Ke6
{[%clk 1:23:16]} 37. Ke3 {[%clk 1:20:55]} Kd5 {[%clk 1:22:55]} 38. Kd3
{[%clk 1:21:11]} g5 {[%clk 1:22:26]} 39. Ra1 {[%clk 1:21:31]} Rf6
{[%clk 1:20:08]} 40. Rf1 {[%clk 1:21:57]} Kc6 {[%clk 1:19:59]} 41. Ke3
{[%clk 1:20:50]} Kb5 {[%clk 1:16:23]} 42. Rb1 {[%clk 1:20:45]} Rf4
{[%clk 1:11:18]} 43. h3 {[%clk 1:21:14]} f6 44. Rc1 Kc6 {[%clk 1:10:12]} 45. Rd1
{[%clk 1:21:04]} Rxb4 {[%clk 1:10:12]} 46. Rd6+ {[%clk 1:21:29]} Kxc5
{[%clk 1:10:24]} 47. Rxa6 {[%clk 1:21:38]} Rf4 48. Kf2 {[%clk 1:22:01]} Kd5
{[%clk 1:10:21]} 49. Kg3 {[%clk 1:22:19]} Ke5 {[%clk 1:10:15]} 50. Ra5+ 1/2-1/2

[Event "MSRCH16"]
[Site "?"]
[Date "2026.04.15"]
[Round "7.24"]
[White "Havir, Adam"]
[Black "Kralovensky, Jan"]
[Result "0-1"]
[BlackElo "1581"]
[WhiteElo "1695"]
[LiveChessVersion "1.4.8"]

1. d4 {[%clk 1:30:57]} d5 {[%clk 1:30:46]} 2. c4 {[%clk 1:31:23]} e6
{[%clk 1:31:07]} 3. Nc3 {[%clk 1:31:48]} Nf6 {[%clk 1:31:16]} 4. cxd5
{[%clk 1:32:12]} exd5 {[%clk 1:31:32]} 5. Bg5 {[%clk 1:31:55]} Be6
{[%clk 1:29:31]} 6. e3 {[%clk 1:26:45]} c6 {[%clk 1:27:51]} 7. Nf3
{[%clk 1:24:54]} Nbd7 {[%clk 1:26:29]} 8. Bd3 {[%clk 1:19:01]} Bd6
{[%clk 1:22:28]} 9. Qc2 {[%clk 1:16:36]} h6 {[%clk 1:20:13]} 10. Bh4
{[%clk 1:16:54]} Qc7 {[%clk 1:20:13]} 11. a3 {[%clk 1:12:36]} Bg4
{[%clk 1:10:44]} 12. Bg3 {[%clk 1:05:58]} Bxf3 {[%clk 1:04:01]} 13. Nb5
{[%clk 1:03:37]} cxb5 {[%clk 1:03:19]} 14. Qxc7 {[%clk 1:02:02]} Bxc7
{[%clk 1:03:12]} 15. gxf3 {[%clk 1:02:28]} Bxg3 {[%clk 1:02:10]} 16. hxg3
{[%clk 1:02:50]} a6 {[%clk 1:02:22]} 17. b4 {[%clk 1:03:14]} Nb6 {[%clk 1:02:32]}
18. Kd2 {[%clk 1:02:51]} Nc4+ {[%clk 1:02:45]} 19. Ke2 {[%clk 1:02:44]} Ke7
{[%clk 1:01:47]} 20. a4 {[%clk 1:02:58]} bxa4 {[%clk 1:01:32]} 21. Rxa4
{[%clk 1:03:21]} Nb2 {[%clk 1:01:49]} 22. Raa1 {[%clk 1:03:09]} Nxd3
{[%clk 1:02:13]} 23. Kxd3 {[%clk 1:03:33]} Rac8 {[%clk 1:02:34]} 24. Rhc1
{[%clk 1:03:26]} Kd7 {[%clk 1:02:17]} 25. e4 {[%clk 1:03:42]} dxe4+
{[%clk 1:02:13]} 26. fxe4 {[%clk 1:03:59]} Rxc1 {[%clk 1:02:29]} 27. Rxc1
{[%clk 1:04:26]} Rc8 {[%clk 1:02:49]} 28. Rxc8 {[%clk 1:02:50]} Kxc8
{[%clk 1:03:10]} 29. e5 {[%clk 1:03:17]} Ne8 {[%clk 1:02:55]} 30. f4
{[%clk 1:01:05]} f5 {[%clk 1:03:13]} 31. d5 {[%clk 1:00:56]} Nc7 {[%clk 0:59:40]}
32. d6 {[%clk 0:58:28]} Ne6 {[%clk 1:00:04]} 33. Kc4 {[%clk 0:57:40]} b6
{[%clk 1:00:14]} 34. Kd5 {[%clk 0:57:35]} Kd7 {[%clk 1:00:30]} 35. g4
{[%clk 0:56:47]} Nxf4+ {[%clk 1:00:31]} 0-1

[Event "MSRCH16"]
[Site "?"]
[Date "2026.04.15"]
[Round "7.25"]
[White "Drabek, Matej"]
[Black "Torok, Aron Levente"]
[Result "1-0"]
[BlackElo "1749"]
[WhiteElo "1560"]
[LiveChessVersion "1.4.8"]

1. e4 {[%clk 1:30:58]} c6 {[%clk 1:30:51]} 2. d4 {[%clk 1:31:19]} d5
{[%clk 1:31:16]} 3. Nd2 {[%clk 1:31:45]} dxe4 {[%clk 1:30:55]} 4. Nxe4
{[%clk 1:32:08]} Nf6 {[%clk 1:31:13]} 5. Nxf6+ {[%clk 1:32:27]} exf6
{[%clk 1:31:34]} 6. c3 {[%clk 1:31:47]} Bf5 {[%clk 1:30:59]} 7. Bd3
{[%clk 1:29:45]} Qd7 {[%clk 1:29:48]} 8. Qc2 {[%clk 1:26:25]} Bxd3
{[%clk 1:28:41]} 9. Qxd3 {[%clk 1:26:48]} c5 {[%clk 1:28:40]} 10. Ne2
{[%clk 1:26:05]} Nc6 {[%clk 1:26:00]} 11. Be3 {[%clk 1:24:53]} Be7
{[%clk 1:24:00]} 12. Rd1 {[%clk 1:13:37]} Rd8 {[%clk 1:22:34]} 13. O-O
{[%clk 1:08:23]} O-O {[%clk 1:22:22]} 14. Qc2 {[%clk 0:41:49]} cxd4
{[%clk 1:20:14]} 15. Nxd4 {[%clk 0:42:01]} Nxd4 {[%clk 1:17:23]} 16. Rxd4
{[%clk 0:39:16]} Qc7 {[%clk 1:14:26]} 17. Rfd1 {[%clk 0:32:19]} Bd6
{[%clk 1:10:42]} 18. h3 {[%clk 0:27:03]} Rfe8 {[%clk 1:01:09]} 19. Qd2
{[%clk 0:26:06]} Be7 {[%clk 0:59:59]} 20. Bf4 {[%clk 0:20:17]} Qb6
{[%clk 0:58:10]} 21. Bd6 {[%clk 0:16:56]} Bxd6 {[%clk 0:57:34]} 22. Rxd6
{[%clk 0:16:56]} Rxd6 {[%clk 0:57:52]} 23. Qxd6 {[%clk 0:17:03]} Qxb2
{[%clk 0:56:34]} 24. Qd8 {[%clk 0:10:35]} Rf8 {[%clk 0:56:06]} 25. Qc7
{[%clk 0:08:07]} h6 {[%clk 0:55:10]} 26. Rd8 {[%clk 0:07:13]} Rxd8
{[%clk 0:55:12]} 27. Qxd8+ {[%clk 0:07:26]} Kh7 {[%clk 0:55:35]} 28. Qa5
{[%clk 0:06:48]} Qb1+ {[%clk 0:54:52]} 29. Kh2 {[%clk 0:07:05]} a6
{[%clk 0:54:46]} 30. Qa4 {[%clk 0:05:38]} Qb2 {[%clk 0:52:50]} 31. Qb3
{[%clk 0:04:56]} Qxf2 {[%clk 0:51:55]} 32. Qxb7 {[%clk 0:03:26]} Qxa2
{[%clk 0:51:57]} 33. Qe4+ {[%clk 0:03:44]} g6 {[%clk 0:51:18]} 34. c4
{[%clk 0:03:46]} Qa4 {[%clk 0:50:38]} 35. Qd5 {[%clk 0:03:48]} Kg7
{[%clk 0:50:11]} 36. c5 {[%clk 0:04:10]} Qf4+ {[%clk 0:48:22]} 37. Kg1
{[%clk 0:04:22]} Qc7 {[%clk 0:48:16]} 38. Qc4 {[%clk 0:03:30]} Qc6
{[%clk 0:47:54]} 39. Qc3 {[%clk 0:03:21]} Kf8 {[%clk 0:47:54]} 40. Qe3
{[%clk 0:01:24]} g5 {[%clk 0:47:04]} 41. Qc3 {[%clk 0:01:12]} Ke7
{[%clk 0:47:09]} 42. Qc4 {[%clk 0:01:05]} a5 {[%clk 0:46:59]} 43. Qe2+
{[%clk 0:00:57]} Kf8 {[%clk 0:46:29]} 44. Qc4 {[%clk 0:00:44]} a4
{[%clk 0:45:48]} 45. Qb4 {[%clk 0:01:09]} Ke7 {[%clk 0:45:17]} 46. Kf2
{[%clk 0:25:38]} Qa6 {[%clk 1:11:35]} 47. c6+ {[%clk 0:25:36]} Kd8
{[%clk 1:11:42]} 48. Qd6+ {[%clk 0:25:46]} Ke8 {[%clk 1:10:45]} 49. Qb8+
{[%clk 0:25:31]} Ke7 {[%clk 1:10:22]} 50. Qb7+ {[%clk 0:25:54]} Qxb7
{[%clk 1:10:15]} 51. cxb7 {[%clk 0:26:07]} 1-0

[Event "MSRCH16"]
[Site "?"]
[Date "2026.04.15"]
[Round "7.27"]
[White "Habara, Viliam"]
[Black "Vanco, Simon"]
[Result "0-1"]
[BlackElo "1681"]
[WhiteElo "1564"]
[LiveChessVersion "1.4.8"]

1. Nf3 {[%clk 1:30:58]} Nf6 {[%clk 1:30:39]} 2. d4 {[%clk 1:31:17]} d6
{[%clk 1:30:30]} 3. Bg5 {[%clk 1:31:40]} g6 {[%clk 1:30:03]} 4. Bxf6
{[%clk 1:31:47]} exf6 {[%clk 1:30:26]} 5. Nc3 {[%clk 1:32:06]} Bg7
{[%clk 1:29:56]} 6. e4 {[%clk 1:32:24]} O-O {[%clk 1:28:52]} 7. Bd3
{[%clk 1:31:22]} Nc6 {[%clk 1:27:16]} 8. h3 {[%clk 1:30:07]} Re8 {[%clk 1:23:48]}
9. O-O {[%clk 1:29:30]} Nb4 {[%clk 1:16:56]} 10. a3 {[%clk 1:27:59]} Nxd3
{[%clk 1:16:26]} 11. Qxd3 {[%clk 1:28:23]} c6 {[%clk 1:07:50]} 12. Rfe1
{[%clk 1:22:56]} Qb6 {[%clk 1:03:04]} 13. b4 {[%clk 1:21:32]} f5 {[%clk 0:59:33]}
14. e5 {[%clk 1:17:32]} dxe5 {[%clk 0:57:33]} 15. Nxe5 {[%clk 1:16:21]} Be6
{[%clk 0:55:08]} 16. Na4 {[%clk 1:09:48]} Qc7 {[%clk 0:53:23]} 17. Nc5
{[%clk 1:08:47]} Rad8 {[%clk 0:49:26]} 18. Nxe6 {[%clk 1:07:40]} Rxe6
{[%clk 0:49:14]} 19. Nf3 {[%clk 1:07:53]} Red6 {[%clk 0:45:48]} 20. c3
{[%clk 1:07:40]} c5 {[%clk 0:35:18]} 21. Qc4 {[%clk 1:04:58]} b6 {[%clk 0:33:18]}
22. Rac1 {[%clk 0:57:23]} Qc8 {[%clk 0:27:19]} 23. Rcd1 {[%clk 0:55:35]} cxd4
{[%clk 0:20:33]} 24. Qxc8 {[%clk 0:54:02]} Rxc8 {[%clk 0:20:53]} 25. cxd4
{[%clk 0:54:16]} Rcd8 {[%clk 0:20:34]} 26. Re7 {[%clk 0:54:40]} a5
{[%clk 0:20:46]} 27. bxa5 {[%clk 0:54:30]} bxa5 {[%clk 0:21:10]} 28. Ra7
{[%clk 0:54:54]} Rd5 {[%clk 0:21:27]} 29. Re1 {[%clk 0:54:01]} Bf8
{[%clk 0:20:58]} 30. Ng5 {[%clk 0:53:32]} h6 {[%clk 0:20:32]} 31. Nxf7
{[%clk 0:51:44]} R8d6 {[%clk 0:20:51]} 32. Rd7 {[%clk 0:50:57]} Rxd4
{[%clk 0:21:12]} 0-1